The message of Hosea : (Record no. 2264)
[ view plain ]
| 000 -LEADER | |
|---|---|
| fixed length control field | 01234cam a2200301 a 4500 |
| 001 - CONTROL NUMBER | |
| control field | 2438171 |
| 003 - CONTROL NUMBER IDENTIFIER | |
| control field | GBCCL |
| 005 - DATE AND TIME OF LATEST TRANSACTION | |
| control field | 20241126110425.0 |
| 008 - FIXED-LENGTH DATA ELEMENTS--GENERAL INFORMATION | |
| fixed length control field | 880825r1981 enkb b 000 0 eng |
| 010 ## - | |
| -- | 88028661 |
| 020 ## - INTERNATIONAL STANDARD BOOK NUMBER | |
| International Standard Book Number | 0877842906 |
| 040 ## - CATALOGING SOURCE | |
| Original cataloging agency | DLC |
| Transcribing agency | DLC |
| Modifying agency | DLC |
| 050 00 - | |
| -- | BS1565.3 |
| -- | .K44 1981 |
| 082 00 - DEWEY DECIMAL CLASSIFICATION NUMBER | |
| Classification number | 220.77 |
| -- | 224.6077 |
| Edition information | 19 |
| Item number | BST |
| 100 1# - MAIN ENTRY--PERSONAL NAME | |
| Personal name | Kidner, Derek. |
| 9 (RLIN) | 4631 |
| 240 10 - | |
| -- | Love to the loveless |
| 245 14 - TITLE STATEMENT | |
| Title | The message of Hosea : |
| Remainder of title | love to the loveless / |
| Statement of responsibility, etc. | Derek Kidner. |
| 260 ## - PUBLICATION, DISTRIBUTION, ETC. | |
| Place of publication, distribution, etc. | Leicester, England ; |
| -- | Downers Grove, Ill., U.S.A. : |
| Name of publisher, distributor, etc. | Inter-Varsity Press, |
| Date of publication, distribution, etc. | c1981. |
| 300 ## - PHYSICAL DESCRIPTION | |
| Extent | 142 p. : |
| Other physical details | maps ; |
| Dimensions | 21 cm. |
| 440 #4 - SERIES STATEMENT/ADDED ENTRY--TITLE | |
| Title | The Bible speaks today |
| 9 (RLIN) | 2924 |
| 500 ## - GENERAL NOTE | |
| General note | Reprint. Originally published: Love to the loveless. Downers Grove, Ill. : InterVarsity Press, c1981. |
| 504 ## - BIBLIOGRAPHY, ETC. NOTE | |
| Bibliography, etc. note | Includes bibliographical references (p. 9-10). |
| 630 00 - SUBJECT ADDED ENTRY--UNIFORM TITLE | |
| Uniform title | Bible. |
| Name of part/section of a work | Hosea |
| General subdivision | Commentaries. |
| 9 (RLIN) | 802 |
| 856 42 - ELECTRONIC LOCATION AND ACCESS | |
| Materials specified | Contributor biographical information |
| Uniform Resource Identifier | <a href="http://www.loc.gov/catdir/enhancements/fy1007/88028661-b.html">http://www.loc.gov/catdir/enhancements/fy1007/88028661-b.html</a> |
| 906 ## - LOCAL DATA ELEMENT F, LDF (RLIN) | |
| a | 7 |
| b | cbc |
| c | orignew |
| d | 1 |
| e | ocip |
| f | 19 |
| g | y-gencatlg |
| 942 ## - ADDED ENTRY ELEMENTS (KOHA) | |
| Source of classification or shelving scheme | Dewey Decimal Classification |
| Koha item type | Reference Books |
| Koha issues (borrowed), all copies | 5 |
| Withdrawn status | Lost status | Source of classification or shelving scheme | Damaged status | Not for loan | Home library | Current Library | Shelving location | Date acquired | Total checkouts | Full call number | Barcode | Date last seen | Copy number | Price effective from | Koha item type | Date last checked out |
|---|---|---|---|---|---|---|---|---|---|---|---|---|---|---|---|---|
| Dewey Decimal Classification | GRACE BIBLE COLLEGE | GRACE BIBLE COLLEGE | Commentary | 2017-07-20 | 220.77 BST | 001021 | 2025-05-01 | c.1 | 2017-07-20 | Reference Books | ||||||
| Dewey Decimal Classification | GRACE BIBLE COLLEGE | GRACE BIBLE COLLEGE | Biblical Studies | 2018-01-31 | 5 | 220.77 BST | 001022 | 2025-05-01 | c.2 | 2018-01-31 | Books | 2022-03-02 |